Представление документа в формате MARC21

Поле Инд. ПП Название Значение
Тип записи a
Библиографический уровень m
001 Контрольный номер 598007b267bf449384e81f03943fb058
005 Дата корректировки 20260703132305.4
040 a Служба первич. каталог. 10013504
b Код языка каталог. rus
e Правила каталог. PSBO
041 0_ a Код языка текста rus
090 a Полочн. индекс 669
x Авторский знак П 341
r Идентификатор организации 10013504
100 1_ a Автор Писаренко Г.С.
245 10 a Заглавие Усталость хрупких металлокерамических материалов
260 a Место издания Москва
b Издательство б. и.
c Дата издания 1962
300 a Объем 34 с.
b Иллюстрации/ тип воспроизводства ил.
440 _0 a Серия Доклад на Совещании по механическим вопросам усталости / Науч. совет по проблеме "Основы прочности и пластичности" при ОТН АН СССР. Ин-т машиноведения ГК А и М Совета Министров СССР. Науч.-техн. о-во машиностроит. пром-сти
504 a Библиография Библиогр.: с.31-34 (51 назв.)
650 04 a Основная рубрика Металлы
x Основная подрубрика усталостная прочность
653 0_ a Ключевые слова МЕТАЛЛОКЕРАМИЧЕСКИЕ МАТЕРИАЛЫ-УСТАЛОСТЬ
700 12 a Другие авторы Трощенко В.Т.
700 12 a Другие авторы Грязнов Б.А.
901 t Тип документа m
952 a Тип литературы для КСУ ВШ БНР
c Вид литературы монография